LEADER 00895nam a22001814a 4500
008 150120n ii |||gr||||Z||||||eng
020 |a 0030813271 
082 |a 519.54 WIN 
100 |a Winkler, Robert, L,  |q (Winkler, Robert, L). 
245 |a An Introduction to Bayesian Inference and Decision  |c Winkler, Robert, L  |h Textual Documents 
260 |a New York:  |b Holt Rinehart and Winston Inc,  |c 1972. 
300 |a XI,563p.:  |e 05829. 
630 |a Statistical Inference. 
653 |a Decision Theory,Value of Information,Inference and Decision,Bayes Theorem,Predictive Distribution,Bayesian Inference for Continuous Probability Models,Factorials of Integers 
852 |t 1  |p STA05829  |b Text Books  |k 519.54 WIN  |f 00000  |c Shelf - 15 
942 |c BK 
999 |c 216634  |d 216634 
952 |0 0  |1 0  |4 0  |6 519_540000000000000_WIN  |7 0  |9 230716  |a STA  |b STA  |c Shelf - 15  |d 2019-12-11  |l 0  |o 519.54 WIN  |p STA05829  |r 2019-12-11  |t 1  |w 2019-12-11  |y BK